Odległość w linii prostej do Warszawy - Statystyki

Ogólne statystyki
  • Ten quiz został rozwiązany 19 razy
  • Średni wynik to 7 z 25
Statystyki odpowiedzi
Miasto Odległość w kilometrach po zaokrągleniu do setek % Poprawnych
Mińsk 500
100%
Zagrzeb 800
94%
Berno 1100
81%
Sofia 1100
44%
Andora 1800
44%
Lizbona 2800
44%
Damaszek 2400
31%
Teheran 3000
31%
Rabat 3000
25%
Brasilia 10000
19%
Taszkent 3800
19%
Chartum 4200
13%
Maskat 4500
13%
Islamabad 4600
13%
Bamako 5100
13%
Katmandu 5900
13%
Kinszasa 6300
13%
Ottawa 6600
13%
Mandalaj 7100
13%
Waszyngton 7200
13%
Bangkok 8100
13%
Antananarywa 8300
13%
Santo Domingo 8500
13%
Kuala Lumpur 9100
13%
Manila 9400
13%
Nie znaleziono quizów pasujących do podanych kryteriów
Rozkład punktacji
Procent ludzi z każdym wynikiem
Percentyl według liczby udzielonych odpowiedzi
Twoja historia wyników
Nie rozwiązałeś tego quizu